| 000 | 00436nam a22001697a 4500 | ||
|---|---|---|---|
| 003 | NUST - PNEC | ||
| 005 | 20170116181118.0 | ||
| 008 | 151004b xxu||||| |||| 00| 0 eng d | ||
| 020 | _a9695031188 | ||
| 040 | _cLIBRARY | ||
| 082 | _a891.4393 NAZ | ||
| 100 |
_913342 _aNazeer Ahmad , Deputy |
||
| 245 |
_a Mirat Ul Uroos _cDeputy Nazeer Ahmad |
||
| 260 | _cc.2010 | ||
| 650 |
_913346 _aUrdu literature _xGeneral |
||
| 942 |
_2ddc _cBK |
||
| 999 |
_c69454 _d69454 |
||